Acta Operativo Oeconomica 46 Zborník Vysokej školy poľnohospodárskej v Nitre

Gespeichert in:
Bibliographische Detailangaben
Format: Buch
Sprache:Slowakisch
Veröffentlicht: Bratislava Príroda 1991
Ausgabe:1. vyd.
Tags: Tag hinzufügen
Keine Tags, Fügen Sie das erste Tag hinzu!

MARC

LEADER 00000nam a2200000 4500
001 c028249
005 20221214093040.3
041 0 |a slo 
044 |a SK 
245 1 0 |a Acta Operativo Oeconomica 46  |b Zborník Vysokej školy poľnohospodárskej v Nitre 
250 |a 1. vyd. 
264 1 |a Bratislava  |b Príroda  |c 1991 
300 |a 291 s.